| 000 | 00421nam a22001697a 4500 | ||
|---|---|---|---|
| 003 | OSt | ||
| 005 | 20250506123128.0 | ||
| 008 | 250430b |||||||| |||| 00| 0 eng d | ||
| 020 | _a9780749484309 | ||
| 040 | _cRDA | ||
| 100 |
_aDAFFY,CHRIS _eAUTHOR _9753545 |
||
| 245 |
_aCREATING CUSTOMER LOYALTY _cBy CHRIS DAFFY |
||
| 260 |
_aUK _bKOGANPAGE _c2019 |
||
| 300 | _axii,247P | ||
| 650 | _2CUSTOMER | ||
| 942 |
_2CC _cGB _n0 |
||
| 999 |
_c1309815 _d1309815 |
||